Romería a Sant Pere de Portella / Sam
Publicado:
San Jorge, núm. 75 (3r trimestre 1969), pàg 35 :
MARC
| LEADER | 00000nam a2200000Ia 4500 | ||
|---|---|---|---|
| 001 | |||
| 008 | 160829s9999 xx 000 0 cat d | ||
| 100 | |a Sam |9 21611 | ||
| 245 | |a Romería a Sant Pere de Portella / Sam | ||
| 260 | |a San Jorge, núm. 75 (3r trimestre 1969), pàg 35 | ||
| 650 | |a Festes |x Berga |9 29318 | ||
| 650 | |a Sant Pere de la Portella (Berga) |9 40192 | ||
| 901 | |a Arxiu | ||
| 942 | |n 1 | ||
| 952 | |0 0 |1 0 |4 0 |7 1 |9 49475 |a Arxiu |b Arxiu |d 2016-12-01 |l 0 |r 2016-12-01 00:00:00 |w 2016-12-01 |y ARXIU | ||
| 999 | |c 53317 |d 53317 | ||